Problematika zahájení projektů rozvoje sídel.

Funkcia štátu v podpore ekonomického rozvoja sídiel. Prevádzkové a rozvojové funkcie obecného zastupiteľstva. Štruktúra rozpočtu obec. zastupiteľstva v položkách príjmy, dotácie, prevádzkové prostriedky, fondy. Špecifikácia systému riadenia územného celku.

Guardado en:
Detalles Bibliográficos
Autor principal: Chyška, V.
Otros Autores: Čejková, O.
Formato: Capítulo de libro
Lenguaje:checo
Materias:
Etiquetas: Agregar Etiqueta
Sin Etiquetas, Sea el primero en etiquetar este registro!

MARC

LEADER 00000naa a2200000 4500
001 r001691
005 20220819181041.0
041 0 |a cze 
044 |a [CS] 
245 1 0 |a Problematika zahájení projektů rozvoje sídel.  |c V. Chyška, O. Čejková 
520 |a Funkcia štátu v podpore ekonomického rozvoja sídiel. Prevádzkové a rozvojové funkcie obecného zastupiteľstva. Štruktúra rozpočtu obec. zastupiteľstva v položkách príjmy, dotácie, prevádzkové prostriedky, fondy. Špecifikácia systému riadenia územného celku. 
610 2 0 |a projekty 
610 2 0 |a ekonomika priestorová 
610 2 0 |a rozpočet miestny 
610 2 0 |a dotácie 
610 2 0 |a štát 
610 2 0 |a riadenie regionálne 
610 2 0 |a rozvoj regionálny 
610 2 0 |a mestá 
610 2 0 |a obce 
610 2 0 |a ČSFR 
100 1 |a Chyška, V. 
700 1 |a Čejková, O.